Top 25 most popular characters in MCU - Statistics

General Stats
  • This quiz has been taken 50 times
  • The average score is 17 of 25
Answer Stats
Answer % Correct
Iron Man
96%
Sam Wilson
96%
Captain America
94%
Black Widow
92%
Hulk
92%
Spider-Man
92%
Thor
92%
Hawkeye
83%
Ant-Man
79%
Black Panther
79%
Loki
79%
Doctor strange
77%
Star-Lord
73%
Scarlet Witch
71%
Groot
69%
Captain Marvel
67%
Drax the Destroyer
60%
Nick Fury
60%
Vision
60%
Rocket Racoon
31%
Ms. Marvel
27%
Moon Knight
25%
Shuri
25%
Yelena Belova
19%
Kate Bishop
13%
No matching quizzes found
Score Distribution
Percent of People with Each Score
Percentile by Number Answered
Your Score History
You have not taken this quiz